Systém sociálnej pomoci a jeho väzby na trh práce

Legislatívny rámec a vecná podstata systému sociálnej pomoci. Aplikačná prax systému sociálnej pomoci vo väzbe na trh práce. Sociálna pomoc a formovanie kalkulujúceho segmentu nezamestnanosti. Štruktúra evidovaných nezamestnaných - poberateľov dávok sociálnej pomoci.

Enregistré dans:
Détails bibliographiques
Auteur principal: Hanzelová, Eneke
Format: Chapitre de livre
Langue:slovaque
Sujets:
Tags: Ajouter un tag
Pas de tags, Soyez le premier à ajouter un tag!

MARC

LEADER 00000naa a2200000 4500
001 r036844
005 20230807090434.1
041 0 |a slo 
044 |a SK 
245 1 0 |a Systém sociálnej pomoci a jeho väzby na trh práce  |c Eneke Hanzelová 
520 |a Legislatívny rámec a vecná podstata systému sociálnej pomoci. Aplikačná prax systému sociálnej pomoci vo väzbe na trh práce. Sociálna pomoc a formovanie kalkulujúceho segmentu nezamestnanosti. Štruktúra evidovaných nezamestnaných - poberateľov dávok sociálnej pomoci. 
610 2 0 |a pomoc sociálna 
610 2 0 |a trh práce 
610 2 0 |a nezamestnanosť 
610 2 0 |a dávky sociálne 
610 2 0 |a miera nezamestnanosti 
610 2 0 |a politika sociálna 
610 2 0 |a Slovensko 
100 1 |a Hanzelová, Eneke